Big-time baseball : a panorama of the national sport as played in the major leagues /

Bibliographic Details
Main Author: Hart, Harold H., 1903-
Other Authors: Tolleris, Ralph
Format: Book
Language:English
Published: New York : Hart Pub. Co., [1950]
Subjects:

MARC

Tag First Indicator Second Indicator Subfields
LEADER 00000cam a2200000 4500
001 in00000032555
005 20151007061810.0
008 750918s1950 nyuac 00010 eng
010 |a  50006897  
035 |a (OCoLC)01635034 
035 |9 AAD3104AM 
040 |a DLC  |c DZM  |d TXA  |d UtOrBLW 
049 |a TXAM  |c [178291] 
050 0 0 |a GV873  |b .H3 
082 0 |a 796.357 
092 |a 796.357  |b H325b 
100 1 |a Hart, Harold H.,  |d 1903- 
245 1 0 |a Big-time baseball :  |b a panorama of the national sport as played in the major leagues /  |c by Harold H. Hart & Ralph Tolleris; Illustrated by Sydney Weiss. 
264 1 |a New York :  |b Hart Pub. Co.,  |c [1950] 
300 |a 192 pages :  |b illustrations, portraits ;  |c 28 cm. 
336 |a text  |b txt  |2 rdacontent 
337 |a unmediated  |b n  |2 rdamedia 
338 |a volume  |b nc  |2 rdacarrier 
650 0 |a Baseball. 
700 1 |a Tolleris, Ralph. 
999 |a MARS 
999 f f |s 607cadd1-1e76-3010-bb0d-271c6d76d34c  |i 667e3442-97ac-3e6f-bb39-acf20a31796d  |t 0 
952 f f |p ric  |a Texas A&M University  |b Rellis Campus  |c Joint Library Facility  |d Remote Storage  |t 0  |e GV873 .H3  |h Library of Congress classification  |i unmediated -- volume  |m A14801185339 
998 f f |a GV873 .H3  |t 0  |l Remote Storage